[Event "Avoine op 21th"]
[Site "Avoine"]
[Date "2006.07.28"]
[Round "7"]
[White "Wolfangel, Florence"]
[Black "Le Nader, Erwan"]
[Result "1-0"]
[WhiteElo "1949"]
[BlackElo "2127"]
[PlyCount "35"]
[EventDate "2006.07.22"]
[EventType "swiss"]
[EventRounds "9"]
[EventCountry "FRA"]
[SourceTitle "EXT 2007"]
[Source "ChessBase"]
[SourceDate "2006.11.23"]
[SourceVersion "1"]
[SourceVersionDate "2006.11.23"]
[SourceQuality "1"]

1. d4 Nf6 2. c4 e6 3. Nc3 Bb4 4. Nf3 Ne4 5. Qc2 f5 6. e3 b6 7. Bd3 Bb7 8. Bd2 Nxd2 9. Qxd2 Bxf3 10. gxf3 Qf6 11. 0-0-0 c5 12. Be2 Nc6 13. f4 0-0 14. d5 Bxc3 15. Qxc3 Qxc3+ 16. bxc3 Nb8 17. dxe6 dxe6 18. Bf3 1-0

[Event "Avoine op 21th"]
[Site "Avoine"]
[Date "2006.07.26"]
[Round "5"]
[White "Schmittdiel, Eckhard"]
[Black "Le Nader, Erwan"]
[Result "1-0"]
[WhiteElo "2387"]
[BlackElo "2127"]
[PlyCount "51"]
[EventDate "2006.07.22"]
[EventType "swiss"]
[EventRounds "9"]
[EventCountry "FRA"]
[SourceTitle "EXT 2007"]
[Source "ChessBase"]
[SourceDate "2006.11.23"]
[SourceVersion "1"]
[SourceVersionDate "2006.11.23"]
[SourceQuality "1"]

1. c4 Nf6 2. g3 g6 3. Bg2 Bg7 4. Nc3 c5 5. a3 Nc6 6. Rb1 0-0 7. b4 d6 8. d3 Nh5 9. Bd2 f5 10. Nf3 f4 11. Qc1 cxb4 12. axb4 e6 13. g4 Nf6 14. h3 h5 15. Bxf4 hxg4 16. hxg4 Nxg4 17. Bg3 d5 18. Bh4 Qd6 19. Nb5 Qf4 20. Qxf4 Rxf4 21. Bg3 Rf8 22. cxd5 exd5 23. Nc7 Rb8 24. Nxd5 Ra8 25. b5 Na5 26. Ng5 1-0

[Event "Avoine op 20th"]
[Site "Avoine"]
[Date "2005.07.24"]
[Round "2"]
[White "De Barros, Frederic"]
[Black "Le Nader, Erwan"]
[Result "0-1"]
[WhiteElo "2071"]
[BlackElo "1950"]
[PlyCount "78"]
[EventDate "2005.07.23"]
[EventType "swiss"]
[EventRounds "9"]
[EventCountry "FRA"]
[SourceTitle "EXT 2007"]
[Source "ChessBase"]
[SourceDate "2006.11.23"]
[SourceVersion "1"]
[SourceVersionDate "2006.11.23"]
[SourceQuality "1"]

1. e4 e6 2. d4 d5 3. Nc3 Nf6 4. Bg5 Be7 5. e5 Nfd7 6. h4 Bxg5 7. hxg5 Qxg5 8. Qd3 h5 9. Nf3 Qe7 10. g4 h4 11. Qe3 Nc6 12. 0-0-0 Nb6 13. g5 Bd7 14. Rxh4 Rxh4 15. Nxh4 0-0-0 16. f4 Rh8 17. Nf3 a6 18. Nd2 Qf8 19. Nb3 Ne7 20. Bd3 Rh4 21. Nc5 Qh8 22. b3 Rh3 23. Qd2 Rh2 24. Ne2 Bb5 25. Bxb5 axb5 26. Qd3 c6 27. Kb2 Rf2 28. a4 bxa4 29. bxa4 Nc4+ 30. Ka1 b6 31. Ne4 dxe4 32. Qxc4 Kb7 33. Ng3 Rxf4 34. Rb1 Nd5 35. Qb3 Rf3 36. Qb2 Qa8 37. Qa2 Nc3 38. Rxb6+ Kxb6 39. Qb2+ Kc7 0-1